[Event "World Amateur-ch U2000"]
[Site "Spoleto"]
[Date "2017.04.02"]
[Round "2"]
[White "Borodavkin, Anatoly"]
[Black "Azikri, Gur"]
[Result "1-0"]
[WhiteElo "1994"]
[BlackElo "1907"]
[PlyCount "103"]
[EventDate "2017.04.01"]
[EventType "swiss"]
[EventRounds "9"]
[EventCountry "ITA"]
[SourceTitle "EXT 2024"]
[Source "ChessBase"]
[SourceDate "2023.10.10"]
[SourceVersion "1"]
[SourceVersionDate "2023.10.10"]
[SourceQuality "1"]

1. e4 c5 2. Nc3 g6 3. g3 Bg7 4. Bg2 Nc6 5. d3 d6 6. f4 e5 7. Nh3 Nge7 8. 0-0 Nd4 9. fxe5 dxe5 10. Bg5 Be6 11. Qd2 0-0 12. Kh1 f6 13. Be3 Qd7 14. Ng1 b5 15. Nd1 Qd6 16. b3 Rfd8 17. Nb2 Rac8 18. c3 Ndc6 19. Qf2 Nb8 20. Nf3 c4 21. dxc4 bxc4 22. b4 a6 23. Bc5 Qd7 24. Rfd1 Qe8 25. Rxd8 Rxd8 26. Nd2 Qf7 27. Bf1 f5 28. Bxc4 Bh6 29. Bxe6 Qxe6 30. Ndc4 fxe4 31. Bxe7 Qxe7 32. Qe2 Qb7 33. Rd1 Rxd1+ 34. Nxd1 Nd7 35. Nd6 Qd5 36. Qc4 Qxc4 37. Nxc4 Kg7 38. Kg1 Kf6 39. Nd2 Ke6 40. Nxe4 Kd5 41. Ndf2 Be3 42. Kf1 h5 43. Ke2 Bxf2 44. Nxf2 Nf6 45. h4 e4 46. Ke3 Kc4 47. Nxe4 Nxe4 48. Kxe4 Kxc3 49. Kf4 Kxb4 50. Kg5 Ka3 51. Kxg6 Kxa2 52. Kxh5 1-0

[Event "World Amateur-ch"]
[Site "Chalkidiki"]
[Date "2015.04.19"]
[Round "7"]
[White "Villar Reymundo, Juan Antonio"]
[Black "Azikri, Gur"]
[Result "1-0"]
[WhiteElo "1989"]
[BlackElo "1879"]
[PlyCount "57"]
[EventDate "2015.04.14"]
[EventType "team-swiss"]
[EventRounds "9"]
[EventCountry "GRE"]
[SourceTitle "CBM 166 Extra"]
[Source "ChessBase"]
[SourceDate "2015.06.18"]
[SourceVersion "1"]
[SourceVersionDate "2015.06.18"]
[SourceQuality "1"]

1. c4 Nf6 2. Nc3 c6 3. d4 d5 4. cxd5 cxd5 5. Bf4 e6 6. e3 Bd6 7. Bxd6 Qxd6 8. Bd3 0-0 9. f4 Nc6 10. Nf3 a6 11. 0-0 b5 12. Ne5 Bb7 13. Qf3 Na5 14. g4 b4 15. g5 Nd7 16. Ne2 Nxe5 17. fxe5 Qe7 18. Bxh7+ Kxh7 19. Qh5+ Kg8 20. Rf6 g6 21. Qh6 Rfc8 22. Raf1 Rc7 23. Rxf7 Qxf7 24. Rxf7 Rxf7 25. Qxg6+ Kf8 26. Nf4 Bc8 27. Qh6+ Rg7 28. Nh5 Raa7 29. g6 1-0

[Event "World Amateur-ch"]
[Site "Chalkidiki"]
[Date "2015.04.15"]
[Round "2"]
[White "Azikri, Gur"]
[Black "Gibbs, Dominic V"]
[Result "1-0"]
[WhiteElo "1879"]
[BlackElo "1982"]
[PlyCount "77"]
[EventDate "2015.04.14"]
[EventType "team-swiss"]
[EventRounds "9"]
[EventCountry "GRE"]
[SourceTitle "CBM 166 Extra"]
[Source "ChessBase"]
[SourceDate "2015.06.18"]
[SourceVersion "1"]
[SourceVersionDate "2015.06.18"]
[SourceQuality "1"]

1. e4 c5 2. Nc3 d6 3. f4 Nc6 4. Bb5 Bd7 5. Nf3 g6 6. 0-0 Bg7 7. Bxc6 Bxc6 8. d3 Qd7 9. Qe1 0-0-0 10. a4 a6 11. Be3 Nf6 12. h3 e6 13. Ra2 Qe7 14. Qf2 Nd7 15. d4 f5 16. d5 fxe4 17. dxc6 exf3 18. cxd7+ Rxd7 19. Qxf3 d5 20. Ne2 e5 21. fxe5 Rf8 22. Qg4 Rxf1+ 23. Kxf1 Bxe5 24. Bg5 Qg7 25. Qe6 h6 26. Bxh6 Qxh6 27. Qxe5 Qd2 28. Ra3 Rf7+ 29. Rf3 Rxf3+ 30. gxf3 Qxc2 31. Qxd5 Kc7 32. b3 b5 33. Qe5+ Kb7 34. Qe4+ Qxe4 35. fxe4 Kc6 36. Ke1 Kd6 37. Kd2 Ke5 38. axb5 axb5 39. Ke3 1-0

[Event "Chennai op 4th"]
[Site "Chennai"]
[Date "2012.01.04"]
[Round "1"]
[White "Barbosa, Oliver"]
[Black "Azikri, Gur"]
[Result "1-0"]
[WhiteElo "2573"]
[BlackElo "1943"]
[PlyCount "63"]
[EventDate "2012.01.04"]
[EventType "swiss"]
[EventRounds "11"]
[EventCountry "IND"]
[SourceTitle "CBM 146 Extra"]
[Source "ChessBase"]
[SourceDate "2012.02.29"]
[SourceVersion "1"]
[SourceVersionDate "2012.02.29"]
[SourceQuality "1"]

1. d4 d5 2. Nf3 Nf6 3. c4 c6 4. Qc2 g6 5. Bf4 Bg7 6. e3 0-0 7. Nc3 Nh5 8. Be5 f6 9. Bxb8 Rxb8 10. cxd5 cxd5 11. Nxd5 e5 12. Rd1 Bg4 13. Be2 exd4 14. Nxd4 Bxe2 15. Nxe2 f5 16. 0-0 Kh8 17. Ndf4 Qf6 18. Nxh5 gxh5 19. Rd2 Rbc8 20. Qb3 h4 21. Nf4 Qf7 22. Qxf7 Rxf7 23. Rfd1 Be5 24. Ne6 h6 25. b3 Kh7 26. f4 Bc3 27. Rd8 Rxd8 28. Rxd8 Bb4 29. Kf2 Kg6 30. Rd5 a5 31. Nd4 Rf8 32. Nf3 1-0